00325pab a2200109 454500008003600000100002800036245007900064650001400143650002000157650002300177773001500200180718b xxu||||| |||| 00| 0 eng d aShrestha, Shiva chandra aRoles & responsibilities between financial managers and executive managers a Managers a Administration aExecutives - Nepal aPrashashan